The Writing Business (Record no. 33820)

MARC details
000 -LEADER
fixed length control field 00396nam a22001697a 4500
005 - DATE AND TIME OF LATEST TRANSACTION
control field 20231009191802.0
008 - FIXED-LENGTH DATA ELEMENTS--GENERAL INFORMATION
fixed length control field 231009b |||||||| |||| 00| 0 eng d
082 ## - DEWEY DECIMAL CLASSIFICATION NUMBER
Classification number 808.025
Item number CAM-W
100 ## - MAIN ENTRY--AUTHOR
Author Name Maccampbell,Donald
245 ## - TITLE STATEMENT
Title The Writing Business
260 ## - PUBLICATION, DISTRIBUTION, ETC.
Place of Publication USA
Date of publication, distribution, etc. 1978
300 ## - PHYSICAL DESCRIPTION
Pages 120
500 ## - GENERAL NOTE
General note Include Index
650 ## - SUBJECT ADDED ENTRY--TOPICAL TERM
Subject / Department Literature
700 ## - ADDED ENTRY--PERSONAL NAME
Personal name Donald Maccampbel

No items available.

Powered by Koha